000
00305nam a22001337a 4500
008
180226b xxu||||| |||| 00| 0 eng d
020
_a
9781453871201
041
_a
eng
080
_a
004
100
_a
28
101
_a
SHK
245
_a
Guide to adobe premiere elements 9
_c
Grisetti,S
942
_2
udc
_c
BK
999
_c
43396
_d
43396